The android developer's cookbook , building applications with the android sdk developer's library (Record no. 576416)

000 -LEADER
fixed length control field 00550nam a22001817a 4500
003 - CONTROL NUMBER IDENTIFIER
control field CEME
005 - DATE AND TIME OF LATEST TRANSACTION
control field 20210628204142.0
008 - FIXED-LENGTH DATA ELEMENTS--GENERAL INFORMATION
fixed length control field 210112b xxu||||| |||| 00| 0 eng d
020 ## - INTERNATIONAL STANDARD BOOK NUMBER
International Standard Book Number 9788131769934
040 ## - CATALOGING SOURCE
Transcribing agency ceme
082 ## - DEWEY DECIMAL CLASSIFICATION NUMBER
Classification number 005.276 STE
100 ## - MAIN ENTRY--PERSONAL NAME
Personal name Steele, James , Nelson To
9 (RLIN) 68978
245 ## - TITLE STATEMENT
Title The android developer's cookbook , building applications with the android sdk developer's library
260 ## - PUBLICATION, DISTRIBUTION, ETC.
Place of publication, distribution, etc. INDIA
Name of publisher, distributor, etc. PEARSON EDUCATION
Date of publication, distribution, etc. 2012
300 ## - PHYSICAL DESCRIPTION
Extent XV, 339P
650 ## - SUBJECT ADDED ENTRY--TOPICAL TERM
Topical term or geographic name entry element ANDROID DEVELOPER'S COOKBOOK.
9 (RLIN) 68979
942 ## - ADDED ENTRY ELEMENTS (KOHA)
Koha item type Book
Source of classification or shelving scheme
Koha issues (borrowed), all copies 2
Holdings
Withdrawn status Lost status Damaged status Not for loan Permanent Location Current Location Shelving location Date acquired Total Checkouts Full call number Barcode Date last seen Price effective from Koha item type
        College of Electrical & Mechanical Engineering (CEME) College of Electrical & Mechanical Engineering (CEME) General Stacks 08/03/2017 3 005.276 STE CEME-46769 06/28/2021 06/28/2021 Book
© 2023 Central Library, National University of Sciences and Technology. All Rights Reserved.